| 000 | 01044nam a2200313 i 4500 | ||
|---|---|---|---|
| 003 | DO-SdBNP | ||
| 005 | 20240124071635.0 | ||
| 007 | ta | ||
| 008 | 110413s2023 dr a 000 j spa d | ||
| 020 | _a9789945097320 | ||
| 040 |
_aDO-SdBNP _bspa _cBPMSU _erda |
||
| 082 |
_aRD863.5 _bM465n 2023 _222 |
||
| 100 | 1 | _aMaxwell, Zahíra | |
| 245 | 1 | 3 |
_aEl niño poeta de elefantes / _cZahira Maxwell ; ilustraciones Paula Peguero ; prólogo Leiby NG |
| 264 | 1 |
_aSanto Domingo : _bEdiciones MSC, _c2017. |
|
| 300 |
_a44 páginas _c21 cm. _bIlustraciones |
||
| 336 |
_2rdacontent _atexto _btxt |
||
| 337 |
_2rdamedia _asin mediación _bn |
||
| 338 |
_2rdacarrier _avolumen _bnc |
||
| 590 | _aInventariado, 2024/VM | ||
| 650 | 4 | _aCuentos infantiles dominicanos | |
| 650 | 4 |
_aAspectos psicológicos _vCuentos |
|
| 650 | 4 | _aLiteratura infantil dominicana | |
| 650 | 4 | _aLibros infantiles ilustrados | |
| 700 | 1 |
_aPeguero, Paula _eilustraciones |
|
| 700 | 1 | 2 |
_aNG, Leiby _eprólogo |
| 910 | _a VMateo V. Control de calidad. BPMSU | ||
| 942 |
_2ddc _cBK |
||
| 999 |
_c14539 _d14539 |
||